Marketing elektrického auta bakalárska práca

Enregistré dans:
Détails bibliographiques
Auteur principal: Hrapka, Oliver
Collectivité auteur: Obchodná fakulta EU. Katedra marketingu
Autres auteurs: Belička, Peter
Format: Livre
Langue:slovaque
Publié: Bratislava 2019
Tags: Ajouter un tag
Pas de tags, Soyez le premier à ajouter un tag!

MARC

LEADER 00000nbm a2200000 4500
001 0255713
005 20190703101017.4
041 0 |a slo 
044 |a SK 
245 1 0 |a Marketing elektrického auta  |b bakalárska práca  |c Oliver Hrapka ; školiteľ: Peter Belička 
264 1 |a Bratislava  |c 2019 
300 |a 59 s. 
100 1 |a Hrapka, Oliver 
700 1 |a Belička, Peter 
710 2 |a Obchodná fakulta EU. Katedra marketingu